000 00588nam a2200169 a 4500
008 120416s1959 ||||||||||||||||| || u
020 _a0070371555
050 _aHB 75 Lek
100 _aLekachman, Robert
245 1 2 _aA history of economic ideas
260 _aNew York:
_bMcGraw-Hill
_c1959
300 _axiii, 427
350 _a0.00
500 _aIncludes bibliographical references and indexes.
650 _aECONOMICS--HISTORY
995 _D0.00
_FCBU-MAIN LIBRARY (Kitwe)
_H1
_I5.50
_UAVAILABLE
_ZMain Library Open Access Collection
999 _c45593
_d45593